Trau dồi và mở rộng vốn từ vựng tiếng Anh theo chủ điểm
Sách gồm các bài tập về từ vựng theo các chủ điểm khác nhau. Phần từ vựng ở các bài học mới mẻ giúp người học làm quen với các từ vựng thường dùng nhất.
Đã lưu trong:
| Tác giả chính: | |
|---|---|
| Tác giả khác: | |
| Định dạng: | Sách |
| Ngôn ngữ: | Undetermined |
| Được phát hành: |
H.
Đại học quốc gia Hà Nội
2011
|
| Những chủ đề: | |
| Truy cập trực tuyến: | http://lrc.tdmu.edu.vn/opac/search/detail.asp?aID=2&ID=19786 |
| Các nhãn: |
Thêm thẻ
Không có thẻ, Là người đầu tiên thẻ bản ghi này!
|
| Thư viện lưu trữ: | Trung tâm Học liệu Trường Đại học Thủ Dầu Một |
|---|
| LEADER | 01015nam a2200217Ia 4500 | ||
|---|---|---|---|
| 001 | TDMU_19786 | ||
| 008 | 210410s9999 xx 000 0 und d | ||
| 082 | |a 428.1 | ||
| 090 | |b H455 | ||
| 100 | |a Hồng Nhung | ||
| 245 | 0 | |a Trau dồi và mở rộng vốn từ vựng tiếng Anh theo chủ điểm | |
| 245 | 0 | |c Hồng Nhung (c.b); Mỹ Hương, Thanh Hải (h.đ) | |
| 260 | |a H. | ||
| 260 | |b Đại học quốc gia Hà Nội | ||
| 260 | |c 2011 | ||
| 300 | |a 229tr. | ||
| 520 | |a Sách gồm các bài tập về từ vựng theo các chủ điểm khác nhau. Phần từ vựng ở các bài học mới mẻ giúp người học làm quen với các từ vựng thường dùng nhất. | ||
| 650 | |a Tiếng Anh |x Từ vựng; English |x Vocabulary | ||
| 700 | |a Mỹ Hương | ||
| 856 | |u http://lrc.tdmu.edu.vn/opac/search/detail.asp?aID=2&ID=19786 | ||
| 980 | |a Trung tâm Học liệu Trường Đại học Thủ Dầu Một | ||